Statistics for jojos bizzare adventure characters by hat

Click here to take the quiz!

General Stats

  • This quiz has been taken 32 times
  • The average score is 10 of 21

Answer Stats

Answer% Correct
jotaro kujo
97%
Robert E. O. Speedwagon
97%
guido mista
79%
hol horse
69%
oingo
69%
polpo
69%
weather report
69%
smokey brown
66%
emporio alnino
62%
tonio trussardi
62%
secco
52%
esidisi
45%
narciso anasui
45%
Will A. Zeppeli
41%
gwess
38%
D an G
17%
midler
17%
toyohiro kanedaichi
14%
kenzou
7%
terrance d'arby
7%
unalgo
3%

Score Distribution

Percentile by Number Answered

Percent of People with Each Score

Your Score History

You have not taken this quiz